Les avions de la BD Buck Danny Albums 45 à 50 - Statistiques

Statistiques générales
  • Ce quiz a été pris 9 fois
  • Le résultat moyen est 6 sur 28
Statistiques - réponses
Par images Hint Réponse % Correct
Chasseur Dassault {Mirage} 2000C
100%
Chasseur Lockheed-Martin F-22A {Raptor}
100%
Avion multirôle Panavia {Tornado} F.3
75%
Hélicoptère tactique armé Mil Mi-24 {Hind}
50%
Bombardier Rockwell B-1 {Lancer}
50%
Chasseur Soukhoï Su-27 {Flanker}
38%
Avion d'affaires Cessna {Citation}
25%
Avion multirôle General Dynamics F-16 {Fighting Falcon}
25%
Avion de patrouille maritime Lockheed P-3 AEW&C Sentinel {Orion}
25%
Hélicoptère naval multi-missions Sikorsky SH-60B {Seahaw}k
25%
Bombardier stratégique Tupolev Tu-160 {Blackjack}
25%
Avion d'attaque au sol Soukhoï Su-25 {Frogfoot}
13%
Ekranoplane A-90 Orlyonok {Casp-B}
0%
Cargo lourd Antonov An-22 Antei {Cock}
0%
Piper PA-28 {Arrow} Avion d'entraînement et de loisir
0%
Avion de tourisme et d'affaires Beechcraft 35 {Bonanza}
0%
Avion de transport militaire Beriev A-50 {Mainstay}
0%
Avion d'attaque au sol Cessna A-37 {Dragonfly}
0%
Avion de transport embarqué Grumman C-2 {Greyhound}
0%
Avion ravitailleur Iliouchine Il-78 {Midas}
0%
Hélicoptère de reconnaissance maritime Kamov Ka-25 {Hormone}
0%
Hélicoptère de lutte Anti-sous-marine Kamov Ka-27 {Helix}
0%
Hélicoptère polyvalent Mil Mi-8 {Hip}
0%
Avion d'affaires et d'entraînement North American T-39 {Sabreliner}
0%
Chasseur Shenyang J-6 (F-6) {Farmer}
0%
Hélicoptère de manœuvre et d'assaut Sikorsky HH-60J {Jayhaw}k
0%
Hélicoptère de transport lourd Sikorsky MH-{53}
0%
Chasseur Yakovlev Yak-38 {Forger}
0%
Aucun quiz correspondant
Distribution des résultats
% des personnes avec chaque résultat
Percentile par nombre de réponses
Votre historique - résultats
Vous n’avez pas pris ce quiz